Al-Ghazal y la embajada hispano-musulmana a los vikingos en el siglo IX / (Record no. 54734)

MARC details
000 -LEADER
campo de control de longitud fija 01042nam a2200289 i 4500
001 - NÚMERO DE CONTROL
campo de control 54734
003 - IDENTIFICADOR DE NÚMERO DE CONTROL
campo de control ES-MaACL
005 - FECHA Y HORA DE LA ÚLTIMA TRANSACCIÓN
campo de control 20250824214705.0
007 - CAMPO FIJO DE DESCRIPCIÓN FÍSICA--INFORMACIÓN GENERAL
campo de control de longitud fija t|
008 - DATOS DE LONGITUD FIJA--INFORMACIÓN GENERAL
campo de control de longitud fija 040113s2002 sp b |||| |dspa d
080 ## - NÚMERO DE LA CLASIFICACIÓN DECIMAL UNIVERSAL
Número de la Clasificación Decimal Universal 930.858(460=411.21)
080 ## - NÚMERO DE LA CLASIFICACIÓN DECIMAL UNIVERSAL
Número de la Clasificación Decimal Universal 930.85(368)
080 ## - NÚMERO DE LA CLASIFICACIÓN DECIMAL UNIVERSAL
Número de la Clasificación Decimal Universal 929 Ghazal
245 00 - MENCIÓN DEL TÍTULO
Título Al-Ghazal y la embajada hispano-musulmana a los vikingos en el siglo IX /
Mención de responsabilidad, etc. [artículos de W.E.D. Allen y Abdurrahman A. El Hajji] ; Mariano G. Campo, ed.
260 ## - PUBLICACIÓN, DISTRIBUCIÓN, ETC.
Lugar de publicación, distribución, etc. Madrid :
Nombre del editor, distribuidor, etc. Miraguano,
Fecha de publicación, distribución, etc. 2002.
300 ## - DESCRIPCIÓN FÍSICA
Extensión 181 p. :
Otras características físicas mapas ;
Dimensiones 24 cm.
490 1# - MENCIÓN DE SERIE
Mención de serie Libros de los malos tiempos. Serie mayor
600 14 - PUNTO DE ACCESO ADICIONAL DE MATERIA--NOMBRE DE PERSONA
Nombre de persona Ghazal, Yahyá ibn al-Hakam.
9 (RLIN) 147891
650 #4 - PUNTO DE ACCESO ADICIONAL DE MATERIA--TÉRMINO DE MATERIA
Término de materia o nombre geográfico como elemento de entrada Vikingos-
Subdivisión geográfica España.
9 (RLIN) 17807
651 #4 - PUNTO DE ACCESO ADICIONAL DE MATERIA--NOMBRE GEOGRÁFICO
Nombre geográfico Al-Andalus-
Subdivisión general Historia-
Subdivisión cronológica S.IX.
9 (RLIN) 7612
700 1# - ENTRADA AGREGADA--NOMBRE PERSONAL
Nombre de persona Hajji, Abd al-Rahman Ali.
9 (RLIN) 61505
700 1# - ENTRADA AGREGADA--NOMBRE PERSONAL
Nombre de persona González Campo, Mariano.
9 (RLIN) 147890
700 1# - ENTRADA AGREGADA--NOMBRE PERSONAL
Nombre de persona Allen, W. E. D. (
Forma completa/desarrollada del nombre William Edward David)
9 (RLIN) 147892
830 00 - PUNTO DE ACCESO ADICIONAL DE SERIE-TÍTULO UNIFORME
Título uniforme Libros de los malos tiempos
9 (RLIN) 178824
852 ## - LOCALIZACIÓN
Ubicación ES-MaACL
Número de control de estantería L-26778
Holdings
Estatus retirado Estado de pérdida Estado de daño No para préstamo Biblioteca de origen Biblioteca actual Ubicación en estantería Fecha de adquisición Fuente de adquisición Total de préstamos Signatura topográfica completa Código de barras Visto por última vez Precio de reemplazo Tipo de ítem Koha
        Biblioteca del Ateneo de Madrid Biblioteca del Ateneo de Madrid Depósito 2 17/01/2008     L-26778 1057514 23/02/2023 23/02/2023 Libro impreso